|
|
|
|
| LEADER |
00601nam a22001817a 4500 |
| 005 |
20151215125914.0 |
| 008 |
100203t xxu||||| |||| 00| 0 eng d |
| 082 |
|
|
|a 332.6
|b AVA
|
| 100 |
|
|
|a Avadhani,V.A.
|9 2585
|
| 245 |
|
|
|a Securities analysis and port folio management9e
|
| 250 |
|
|
|a 9th ed
|
| 300 |
|
|
|a 584p.
|
| 653 |
|
|
|a Securities analysis
|a Portfolio management
|
| 942 |
|
|
|c BK
|6 _
|
| 260 |
|
|
|a Mumbai
|b Himalaya
|c 2008
|
| 020 |
|
|
|a 978818488040
|
| 999 |
|
|
|c 110370
|d 110370
|
| 952 |
|
|
|0 0
|1 0
|2 ddc
|4 0
|6 3326_AVA
|7 0
|9 140894
|a SMS
|b SMS
|c GEN
|d 2010-02-03
|l 9
|o 332.6 AVA
|p SMS024057
|r 2014-12-31
|s 2014-11-20
|w 2010-02-03
|y BK
|